| 000 | 00350nam a22001457a 4500 | ||
|---|---|---|---|
| 003 | OSt | ||
| 005 | 20160727222549.0 | ||
| 008 | 160714b xxu||||| |||| 00| 0 eng d | ||
| 040 | _cGinn Mathematics | ||
| 100 |
_92853 _a Ginn & Company |
||
| 245 | _aGinn Mathematics | ||
| 260 |
_aGinn & Company _c1983 |
||
| 300 | _aGinn Mathematics | ||
| 942 |
_2lcc _cBK |
||
| 999 |
_c2433 _d2433 |
||